El romancero hoy (Record no. 132585)

MARC details
000 -LEADER
campo de control de longitud fija 01536nam a2200361 4500
001 - NÚMERO DE CONTROL
campo de control 132585
003 - IDENTIFICADOR DE NÚMERO DE CONTROL
campo de control ES-MaACL
005 - FECHA Y HORA DE LA ÚLTIMA TRANSACCIÓN
campo de control 20230906194216.0
007 - CAMPO FIJO DE DESCRIPCIÓN FÍSICA--INFORMACIÓN GENERAL
campo de control de longitud fija t|
008 - DATOS DE LONGITUD FIJA--INFORMACIÓN GENERAL
campo de control de longitud fija 070214s1979 sp abf |||| | spa d
020 ## - NÚMERO INTERNACIONAL ESTÁNDAR DEL LIBRO
Número Internacional Estándar del Libro 84-249-3537-3 (rúst.)
080 ## - NÚMERO DE LA CLASIFICACIÓN DECIMAL UNIVERSAL
Número de la Clasificación Decimal Universal 82-14:061.3(100)"1977"
080 ## - NÚMERO DE LA CLASIFICACIÓN DECIMAL UNIVERSAL
Número de la Clasificación Decimal Universal 82-13:061.3(100)"1977"
111 2# - ENTRADA PRINCIPAL--NOMBRE DE CONGRESO/REUNIÓN
Nombre de congreso/reunión o jurisdicción como elemento de entrada Coloquio Internacional sobre el Romancero (
Número del congreso/reunión o número de parte o sección 2º.
Fecha del congreso o de la firma del tratado 1979.
Sede del congreso/Lugar de la reunión California)
9 (RLIN) 135063
245 13 - MENCIÓN DEL TÍTULO
Título El romancero hoy
Resto del título : nuevas fronteras : 2º Coloquio Internacional, University of California, Davis, Cátedra Seminario Menéndez Pidal /
Mención de responsabilidad, etc. edición a cargo de Antonio Sánchez Romeralo, Diego Catalán, Samuel G. Armistead.
246 31 - FORMA VARIANTE DEL TITULO
Título propio/Titulo breve The Hispanic ballad today
Resto del título : new frontiers
260 ## - PUBLICACIÓN, DISTRIBUCIÓN, ETC.
Lugar de publicación, distribución, etc. Madrid :
Nombre del editor, distribuidor, etc. Gredos,
Fecha de publicación, distribución, etc. 1979.
300 ## - DESCRIPCIÓN FÍSICA
Extensión 517 p., [7] h. de lám., [1] h. de mapa pleg. :
Otras características físicas il., mús. ;
Dimensiones 24 cm.
490 1# - MENCIÓN DE SERIE
Mención de serie Romancero y poesía oral ;
Designación de volumen o secuencia 2
500 ## - NOTA GENERAL
Nota general Índices.
504 ## - NOTA DE BIBLIOGRAFÍA, ETC.
Nota de bibliografía, etc. Bibliografía: p. [477]-497.
546 ## - NOTA DE IDIOMA
Nota de lengua/lenguaje Port. y textos en español o inglés.
594 ## - Nota al título y mención de responsabilidad
Nota al título y mención de responsabilidad En port.: Cátedra Seminario Menéndez Pidal.
650 #4 - PUNTO DE ACCESO ADICIONAL DE MATERIA--TÉRMINO DE MATERIA
Término de materia o nombre geográfico como elemento de entrada Romances-
Subdivisión de forma Congresos y asambleas.
9 (RLIN) 146979
700 1# - ENTRADA AGREGADA--NOMBRE PERSONAL
Nombre de persona Sánchez Romeralo, Antonio.
9 (RLIN) 102898
700 1# - ENTRADA AGREGADA--NOMBRE PERSONAL
Nombre de persona Catalán, Diego.
9 (RLIN) 37019
700 1# - ENTRADA AGREGADA--NOMBRE PERSONAL
Nombre de persona Armistead, Samuel G.
9 (RLIN) 22992
710 2# - ENTRADA AGREGADA--NOMBRE DE ENTIDAD CORPORATIVA
Nombre de entidad corporativa o nombre de jurisdicción como elemento de entrada University of California, Davis.
9 (RLIN) 146980
710 2# - ENTRADA AGREGADA--NOMBRE DE ENTIDAD CORPORATIVA
Nombre de entidad corporativa o nombre de jurisdicción como elemento de entrada Universidad Complutense de Madrid.
Unidad subordinada Seminario Menéndez Pidal.
9 (RLIN) 7134
830 0# - PUNTO DE ACCESO ADICIONAL DE SERIE-TÍTULO UNIFORME
Título uniforme Romancero y poesía oral ;
Designación de volumen o secuencia 2
9 (RLIN) 186899
852 ## - LOCALIZACIÓN
Ubicación ES-MaACL
Número de control de estantería P-1986
Encuadernación L-89
Signatura antigua
Holdings
Estatus retirado Estado de pérdida Estado de daño No para préstamo Biblioteca de origen Biblioteca actual Ubicación en estantería Fecha de adquisición Fuente de adquisición Total de préstamos Signatura topográfica completa Código de barras Visto por última vez Precio de reemplazo Tipo de ítem Koha
        Biblioteca del Ateneo de Madrid Biblioteca del Ateneo de Madrid Depósito 2 17/01/2008     P-1986 1138036 23/02/2023 23/02/2023 Libro impreso